The war of the worlds / (Record no. 48431)
| 000 -LEADER | |
|---|---|
| fixed length control field | 00863nam a2200217 4500 |
| 020 ## - INTERNATIONAL STANDARD BOOK NUMBER | |
| International Standard Book Number | 9781402736889 (hc.) |
| 020 ## - INTERNATIONAL STANDARD BOOK NUMBER | |
| International Standard Book Number | 1402736886 (hc.) |
| 020 ## - INTERNATIONAL STANDARD BOOK NUMBER | |
| International Standard Book Number | 9781428742086 (BWI bdg.) |
| 020 ## - INTERNATIONAL STANDARD BOOK NUMBER | |
| International Standard Book Number | 1428742085 (BWI bdg.) |
| 035 ## - SYSTEM CONTROL NUMBER | |
| System control number | (OCoLC)ocm70176772 |
| 100 ## - MAIN ENTRY--PERSONAL NAME | |
| Personal name | Wells, H.G., |
| Relator term | author. |
| 245 14 - TITLE STATEMENT | |
| Title | The war of the worlds / |
| Statement of responsibility, etc | retold from the H. G. Wells original by Chris Sasaki ; illustrated by Jamel Akib. |
| 260 ## - PUBLICATION, DISTRIBUTION, ETC. (IMPRINT) | |
| Place of publication, distribution, etc | New York : |
| Name of publisher, distributor, etc | Sterling Pub., |
| Date of publication, distribution, etc | 2007. |
| 300 ## - PHYSICAL DESCRIPTION | |
| Extent | 151 p. : |
| Other physical details | ill. ; |
| Dimensions | 20 cm. |
| 490 ## - SERIES STATEMENT | |
| Series statement | Classic starts |
| 520 ## - SUMMARY, ETC. | |
| Summary, etc | An abridged version of H. G. Wells' classic science fiction tale in which, as life on Mars becomes impossible, Martians and their terrifying machines invade the Earth. |
| 650 #1 - SUBJECT ADDED ENTRY--TOPICAL TERM | |
| Topical term or geographic name as entry element | Extraterrestrial beings |
| Form subdivision | Fiction. |
| 650 #1 - SUBJECT ADDED ENTRY--TOPICAL TERM | |
| Topical term or geographic name as entry element | Science fiction. |
| 942 ## - ADDED ENTRY ELEMENTS (KOHA) | |
| Source of classification or shelving scheme | |
| Koha item type | Book |
| Withdrawn status | Lost status | Source of classification or shelving scheme | Damaged status | Not for loan | Home library | Current library | Date acquired | Total Checkouts | Total Renewals | Full call number | Barcode | Date last seen | Date checked out | Price effective from | Koha item type |
|---|---|---|---|---|---|---|---|---|---|---|---|---|---|---|---|
| Logos International School | Logos International School | 02/11/2025 | 4 | 1 | J FIC WEL | 040372 | 10/27/2025 | 10/20/2025 | 02/11/2025 | Book |